• 首页
  • 本馆介绍
  • 公告通知
  • 最新文献
  • 馆藏检索
  • 电子资源
  • 读者导购
  • 参考咨询
  • 我的图书馆
  • 登录
  • 详细信息显示
  • 放入我的书架
  • 预约/预借图书
  • 作者相关作品
  • 分类相关作品
  • 丛书相关作品
  • 出版社相关作品

书目信息

  • 表格格式
  • 工作单格式
  • 卡片格式
题名:
现代生化药物与基因工程药物分析
    
 
作者: 陈执中 , 章月华 编著
分册:  
出版信息: 上海   上海医科大学出版社  2000
页数: 210页
开本: 26cm
丛书名:
单 册:
中图分类: TQ460.7
科图分类:
主题词: 药物--制造--化学工业 , 药物:生物制品--药物分析
电子资源:
ISBN: 7-5627-0530-5
000 00708nam0 2200217 45
001 0303250989
005 20031219104108.0
010    @a7-5627-0530-5@b精装@dCNY36.00
100    @a20030325d2000 km y0chiy0120 ea
101 0  @achi
105    @a z 000yy
200 1  @a现代生化药物与基因工程药物分析@AXian Dai Sheng Hua Yao Wu Yu Ji Yin Gong Cheng Yao Wu Fen Xi@f陈执中,章月华编著@FChen Zhi Zhong,Zhang Yue Hua Bian Zhu
210    @a上海@c上海医科大学出版社@d2000
215    @a210页@d26cm
606 0  @a药物@x制造@x化学工业
606 0  @a药物:生物制品@x药物分析
690    @aTQ460.7@v4
701  0 @a陈执中@4编著
701  0 @a章月华@4编著
801    @aCN@bTSTC@c20030325
905    @b321441-444@dTQ460.7@e9@f4
    
    现代生化药物与基因工程药物分析/陈执中,章月华编著.-上海:上海医科大学出版社,2000
    210页;26cm
    
    
    ISBN 7-5627-0530-5(精装):CNY36.00
    
●
相关链接 在E读中查询图书 在五车中查询图书 在当当中查询图书 在豆瓣中查询图书


正题名:现代生化药物与基因工程药物分析     索取号:TQ460.7/9         预约/预借

序号 登录号 条形码 馆藏地/架位号 状态 备注
1 0321441   203214413   第三借阅区/ [索取号:TQ460.7/9] 在馆    
2 0321442   203214422   第三借阅区/ [索取号:TQ460.7/9] 在馆    
3 0321443   203214431   第三借阅区/ [索取号:TQ460.7/9] 在馆    
4 0321444   203214440   第二样本阅览室/ [索取号:TQ460.7/9] 在馆    
唐山师范学院图书馆 欢迎您!
大连网信软件有限公司© 版权所有